000
00188nam a22000857a 4500
003
SGT
245
_a
AMERICAN JOURNAL OF NURSING
260
_a
USA
_b
WOLTER KLUWER
_c
2015 TO2020
942
_2
ddc
_c
BV
999
_c
24073
_d
24073